01001nam a2200217 a 450000100060000000300090000600800410001502000160005604000280007208200170010010000420011724501310015926000250029030000100031550502250032565000150055065000370056594200120060299900170061495201520063122945CO-ViMGA141112s2004 ck r 000 u spa d a84 97323777 aCO-ViMGAbspacCO-ViMGA04a658.8 T 737i1 aTrespalacios Gutièrrez, Juan93297210aInvestigaciòn de mercados : bMètodos de recogida y anàlisis de la informaciòn para la toma de decisiones en marketing aEspaña : bThomson a353p. aEl conocimiento y la informacion en las decisiones de marketing, Investigación de mercadeos, Metodos cualitativos de Investigación de mercados, Otros metodos de Investigación, Metodos cuantitativos, Analisis causal14aMARKETING 14aMERCADO - Investigación932973 2ddccBK c31233d31233 00102ddc40708002aMEVIECARbMEVIECARd2015-12-04hVolumen. 1 | 15/nov/2009l0o658.8 T 737i p22945r2015-12-04 00:00:00tEj. 1w2015-12-04yBK